| 000 | 00561nam a2200145Ia 4500 | ||
|---|---|---|---|
| 008 | 230917s9999||||xx |||||||||||||| ||und|| | ||
| 040 |
_e206739 _aMAIN |
||
| 041 | _aEnglish | ||
| 082 | _a891.43172109 PH273:SR | ||
| 100 | _aशर्मा, रविशंकर | ||
| 245 | 0 | _aकाव्यशास्त्रीय निकष और पण्डित हरिनाथ पाठक का काव्य | |
| 260 |
_aनई दिल्ली _bनिर्मल पब्लिकेशन्स _c2012 |
||
| 300 | _a151 पृ. p. | ||
| 942 | _cHN | ||
| 999 |
_c176349 _d176349 |
||